Lord of Dance: (Record no. 187554)
[ view plain ]
| 000 -LEADER | |
|---|---|
| fixed length control field | 00637nam a22001937a 4500 |
| 005 - DATE AND TIME OF LATEST TRANSACTION | |
| control field | 20220422170532.0 |
| 010 ## - LCCN (DPL NO) | |
| LC control number | ENG-132362 |
| 020 ## - INTERNATIONAL STANDARD BOOK NUMBER | |
| Terms of availability | 110.00 |
| 035 ## - SYSTEM CONTROL NUMBER | |
| System control number | EN-115894 |
| 037 ## - SOURCE OF ACQUISITION | |
| Source of stock number/acquisition | DBAD/PUB |
| 082 ## - DEWEY DECIMAL CLASSIFICATION NUMBER | |
| Classification number | 233.47 |
| 100 ## - MAIN ENTRY--PERSONAL NAME | |
| Personal name | Subramaniyan, Chandrika |
| 245 ## - TITLE STATEMENT | |
| Title | Lord of Dance: |
| Remainder of title | Atoms,Arts & Abode/ |
| Statement of responsibility, etc | Chandrika Subramaniyan |
| 260 ## - PUBLICATION, DISTRIBUTION, ETC. (IMPRINT) | |
| Place of publication, distribution, etc | Malaysia |
| Name of publisher, distributor, etc | Thirupeedam Pathippagam |
| Date of publication, distribution, etc | 2016 |
| 270 ## - ADDRESS | |
| Address | Thirumurugan Thiruvakku Thirupeedam pataling Jaya |
| City | Malaysia |
| Electronic mail address | thirupeedam@hotmail.com |
| 300 ## - PHYSICAL DESCRIPTION | |
| Extent | 143p. |
| Dimensions | 22cm(pbk) |
| Other physical details | Annexure, Reference |
| 700 ## - ADDED ENTRY--PERSONAL NAME | |
| Personal name | Bhattacharya, Madhumita |
| 942 ## - ADDED ENTRY ELEMENTS (KOHA) | |
| Source of classification or shelving scheme | Dewey Decimal Classification |
| Item type | English Books |
| Classification part | 233.47 |
| Call number suffix | SUB |
| Withdrawn status | Lost status | Not for loan | Collection code | Home library | Current library | Date acquired | Source of acquisition | Cost, normal purchase price | Full call number | Barcode | Copy number | Cost, replacement price | Koha item type |
|---|---|---|---|---|---|---|---|---|---|---|---|---|---|
| Non-fiction | Patel Nagar | Patel Nagar | 22/04/2022 | DBAD/PUB | 110.00 | 233.47 SUB | EN-115894 | 1 | 110.00 | English Books |
